| 000 | 01294cab a2200373 4500 | ||
|---|---|---|---|
| 001 | ABS52748 | ||
| 008 | 090401t1995 xxu||||| |||| 00| 0 eng d | ||
| 035 | _a(Sirsi) u93972 | ||
| 041 | _aeng | ||
| 245 | 4 | _aThe curse of the black spot: condensation and the law - 2 | |
| 260 | _c1995 | ||
| 350 | _a0 | ||
| 490 |
_aEstates Gazette _v(9515) 15 April 1995, 103-105(3) |
||
| 520 | _aSecond part of a "Mainly for students" article on condensation in rented accommodation and tenants` legal redress. (See Abstract 52545.) | ||
| 650 | _aABATEMENT NOTICE | ||
| 650 | _aCONDENSATION | ||
| 650 | _aDAMP | ||
| 650 | _aDEFECTIVE PREMISES ACT 1972 | ||
| 650 | _aENVIRONMENTAL HEALTH | ||
| 650 | _aHEALTH | ||
| 650 | _aHOUSING ACT 1985 S604 | ||
| 650 | _aJOHNSON V SHEFFIELD CC | ||
| 650 |
_aLANDLORD AND TENANT _96252 |
||
| 650 | _aLOCAL GOVERNMENT AND HOUSING ACT 1989 SCH 9 PART V | ||
| 650 | _aLOCAL HOUSING AUTHORITIES | ||
| 650 | _aPROPERTY-RESIDENTIAL PROPERTY-RESIDENTIAL LANDLORD AND TENANT-RESIDENTIAL TENANCIES | ||
| 650 | _aSLUMS | ||
| 650 | _aSMITH V MARRABLE | ||
| 650 | _aUNFIT FOR HUMAN HABITATION | ||
| 690 | _aHOUSING | ||
| 690 | _aPROPERTY-RESIDENTIAL PROPERTY-RESIDENTIAL LANDLORD AND TENANT-RESIDENTIAL TENANCIES | ||
| 942 | _n0 | ||
| 948 | _c04/03/1997 | ||
| 999 |
_c59550 _d59550 |
||